000 00470nam a22001697a 4500
008 150923b xxu||||| |||| 00| 0 eng d
020 _a0536862567
041 0 _aeng
080 _a658.15
245 _aManagement accounting /
_cAnthony A. Atkinson, Robert S. Kaplan; Mark Young;
250 _aA custom edition.
260 _aNew Jersey:
_bPearson;
_c2005.
300 _a598 f.:
_bme il.;
_c24 cm.
650 0 _aKontabilitet
650 0 _aMenaxherial
942 _2udc
_cBK
999 _c1164
_d1164